000 00242nam a22000977a 4500
999 _c533995
_d533995
082 _a604.2
_bNIS
100 _aNISTE
245 _aBasic engineering Drawing and CAD /
942 _2ddc
_cBK